000 00855nam a22002177a 4500
005 20180806123518.0
010 _aENG-123810
020 _a9788192606286
_c200.00
035 _aEN-107342
037 _bDBAD/PUB
082 _a362.880830954
100 _aPereira, Melvil
245 _aGrowing up: in a conflict zone :
_cby Nina Wilcox Putnam; Shaunna Rodrigues [and] Ankita Gupta
_bchildren surviving conflict in tripura /
260 _aGuwahati (Assam)
_bNorth Eastern Social Research Centre
_c2016
270 _aJagriti 2nd Floor, Arunodoi Path, GMCH Road Christian Basti,
_bGuwahati (Assam)
_e781005
300 _ax,182p.
_c21cm. (pbk)
_bill.
500 _aIt includes conclusion, references, index author and index subject
700 _aRodrigues, Shaunna
700 _aGupta, Ankita
942 _2ddc
_cEN
_h362.880830954
_mPER
999 _c155393
_d155393